Lecciones de Derecho Civil Chileno Tomo IV De los bienes

Detalles Bibliográficos
Autor principal: Barcia Lehmann, Rodrigo
Formato: eBook
Lenguaje:español
Publicado: [Chile] : Editorial jurd̕ica de Chile, 2010.
Materias:
Acceso en línea:Acceso restringido. Tomo IV

MARC

LEADER 00000nam a22000007a 4500
005 20111003110536.0
008 111003s2010 cl |||||s|||| 00||0 spa d
020 |a 978-956-10-1845-7  
035 |a 5818 
040 |a vLex 
090 |c 2582  |d 2582 
100 1 |a Barcia Lehmann, Rodrigo 
245 1 0 |a Lecciones de Derecho Civil Chileno  |h [Recurso electrn̤ico] /  |c Rodrigo Barcia Lehmann  |n Tomo IV  |p De los bienes 
256 |a Servicio en ln̕ea. 
260 |a [Chile] :  |b Editorial jurd̕ica de Chile,  |c 2010. 
300 |a 1 recurso electrn̤ico 
506 1 |a Contenido solo disponible en los productos indicados  |d vLex Global  |d vLex Global (Academic Edition, excluding Law Schools)  |d vLex Global (U.S. Academic Edition, Law Schools)  |d vLex Global (U.S. Academic Edition, excluding Law Schools)  |d vLex Global (Academic Edition, Law Schools) 
650 0 4 |a Derecho civil  |z Chile 
740 0 |a vLex Libros (Servicio en ln̕ea) 
856 4 0 |u http://vlex.com/source/5818  |z Acceso restringido. Tomo IV 
942 |c BOOK